Missing Word: Music & Movies (W) Quiz Stats

 Plays Quiz Updated Sep 22, 2016

Challenge
Share
Tweet
Embed
Score 0/28 Timer 02:00
2 Plays Today
Title 'W' Word % Correct
What's Love Got to Do ____ ItWith
99.2%
We ____ Rock YouWill
98.2%
____ a Man Loves a WomanWhen
97%
Love is Just a Four-Letter ____Word
96.4%
____ Me Up Before You Go-GoWake
95.3%
____ Women WantWhat
93.4%
____ Beneath My WingsWind
93.1%
We Can ____ It OutWork
92.9%
Eyes ____ ShutWide
92.7%
Star ____: Episode IV - A New HopeWars
92.6%
____ You Were HereWish
91.8%
Heaven Can ____Wait
91%
____ the LineWalk
89.9%
The ____ of Wall StreetWolf
89.7%
Title 'W' Word % Correct
Don't You ____ MeWant
88.2%
____ Get Fooled AgainWon't
83.3%
How the ____ Was WonWest
82.3%
Red Red ____Wine
80.2%
____ the MillersWe're
73.7%
Car ____Wash
72.8%
____ StreetWall
71.6%
Into the ____Wild
65.4%
Ed ____Wood
65.3%
____ GuysWise
58%
Mysterious ____Ways
50.4%
Man on ____Wire
42.1%
John ____Wick
40.8%
Little ____Wing
27.8%

Today's Daily Dose

Missing Word
Biopics

Word Ladder
Food Idioms

Quick Pick
Diets

On This Day
December 18th II

You're not logged in!

Compare scores with friends on all Sporcle quizzes.
OR
Log In

You Might Also Like...

Show Comments

Extras

Top Quizzes Today


Score Distribution

Your Account Isn't Verified!

In order to create a playlist on Sporcle, you need to verify the email address you used during registration. Go to your Sporcle Settings to finish the process.

Report this User

Report this user for behavior that violates our Community Guidelines.

Details: